000 00553nam a22001937i 4500
999 _c22798
_d22798
003 AR-CdUCM
008 240314b20172017pe ||||| |||| 00| 0 spa d
020 _a978-612-47469-1-8
040 _aMUNICIPALIDAD PROVINCIAL DEL CUSCO
_cBIBLIOTECA MUNICIPAL DEL CUSCO
041 _hspa
082 _a869.57 / A69
_bA69
100 _aArenas, Pía
_949491
245 _aPara Aitana /
260 _aLima :
_bCroc Blanc Editorial S.A.C.,
_c2017
300 _a273 páginas. :
_c21 cm.
505 _aPara Aitana
942 _2ddc
_cLIBROS
945 _apbj
_d14-03-2024